000 00246nam a2200097Ia 4500
001 645069
005 20250826153616.0
008 250824s9999 xx 000 0 und d
245 0 _aMARTI ANTİK
_cANTON ÇEHOV
260 _bANTİK DÜNYA KLASİKLERİ
999 _c645069
_d645069